Dukhi bharat (Record no. 439214)

000 -LEADER
fixed length control field 00287cam a22001097a 4500
008 - FIXED-LENGTH DATA ELEMENTS--GENERAL INFORMATION
fixed length control field 180718b1996 xxu||||| |||| 00| 0 eng d
100 ## - MAIN ENTRY--PERSONAL NAME
Personal name Rai, Lala Lajpat
245 ## - TITLE STATEMENT
Title Dukhi bharat
Statement of responsibility, etc. by Lala Lajpat Rai
260 ## - PUBLICATION, DISTRIBUTION, ETC.
Place of publication, distribution, etc. New Delhi
Name of publisher, distributor, etc. Bajrang Prakashan
Date of publication, distribution, etc. 1996
300 ## - PHYSICAL DESCRIPTION
Extent 406p.
650 ## - SUBJECT ADDED ENTRY--TOPICAL TERM
Topical term or geographic name entry element Bharat
Holdings
Withdrawn status Lost status Damaged status Not for loan Permanent Location Current Location Date acquired Barcode Date last seen Price effective from Koha item type
        Indian Institute of Public Administration Indian Institute of Public Administration 2010-04-26 72273 2018-07-21 2018-07-21 Book

Powered by Koha